Statystyki dla Daria Zawiałow Song Quiz: Dziewczyna Pop

Kliknij tutaj aby rozwiązać quiz!

Ogólne statystyki

  • Ten quiz został rozwiązany 12 razy
  • Średni wynik to 8 z 12

Statystyki odpowiedzi

NumerOdpowiedź% Poprawnych
1Dziewczyna Pop
90%
9Supro
90%
4Ballada o Niej
70%
10Bambi Sarenka
70%
3Fifi Hollywood
70%
2Złamane Serce Jest OK
70%
6Z tobą na Chacie
70%
5Ballada Punk (Jak Świry)
60%
12Tom Yum
60%
11Ballada znad Rzeki
40%
7Dziwna
40%
8Intro On
40%

Rozkład punktacji

Percentyl według liczby udzielonych odpowiedzi

Procent ludzi z każdym wynikiem

Twoja historia wyników

Nie rozwiązałeś tego quizu